000 00326nam a22001337a 4500
008 170601b xxu||||| |||| 00| 0 eng d
020 _a0155078801
041 _aeng
080 _a94(7/8)
100 _a17
101 _aSHH
245 _aTHE COLD WAR YEARS: AMERICAN FOREIGN POLICY SINCE 1945
_cHAMMOND,P.Y
942 _2udc
_cBK
999 _c15509
_d15509